The Found Object in Textile Art (Record no. 5487)
[ view plain ]
| 000 -LEADER | |
|---|---|
| fixed length control field | 00524nam a2200205Ia 4500 |
| 005 - DATE AND TIME OF LATEST TRANSACTION | |
| control field | 20230329141338.0 |
| 008 - FIXED-LENGTH DATA ELEMENTS--GENERAL INFORMATION | |
| fixed length control field | 220524s9999 xx 000 0 und d |
| 020 ## - INTERNATIONAL STANDARD BOOK NUMBER | |
| International Standard Book Number | 9781906388461 |
| 041 ## - LANGUAGE CODE | |
| Language code of text/sound track or separate title | eng |
| 082 ## - DEWEY DECIMAL CLASSIFICATION NUMBER | |
| Classification number | 746 |
| 100 ## - MAIN ENTRY--PERSONAL NAME | |
| Author | Homes C. |
| 245 ## - TITLE STATEMENT | |
| Title | The Found Object in Textile Art |
| 260 ## - PUBLICATION, DISTRIBUTION, ETC. | |
| Name of publisher, distributor, etc. | Batsford |
| Date of publication, distribution, etc. | 2010 |
| 300 ## - PHYSICAL DESCRIPTION | |
| Extent | 128p |
| 520 ## - SUMMARY, ETC. | |
| Summary, etc. | 1. Beyond the Surface<br/>2. Use of the Found<br/>3. Magpie of the Mind<br/>4. Sharing |
| 650 ## - SUBJECT ADDED ENTRY--TOPICAL TERM | |
| Topical term or geographic name entry element | Textile |
| 942 ## - ADDED ENTRY ELEMENTS (KOHA) | |
| Koha item type | Books |
| 906 ## - LOCAL DATA ELEMENT F, LDF (RLIN) | |
| a | 793 |
| Withdrawn status | Lost status | Damaged status | Not for loan | Home library | Current library | Date acquired | Vendor | Net Price | Total Checkouts | Full call number | Barcode | Date last seen | Actual Price | Bill Date | Koha item type | Original Barcode |
|---|---|---|---|---|---|---|---|---|---|---|---|---|---|---|---|---|
| School of Fashion Technology | School of Fashion Technology | 10/04/2012 | Pankaj Pub.International | 1683.16 | 746 | SOFT-BK-792 | 08/07/2022 | 1683.16 | 08/07/2022 | Books | 000792 |